Multimedia Forensics (Record no. 4648)
[ view plain ]
| 000 -LEADER | |
|---|---|
| fixed length control field | 00469nam a22001697a 4500 |
| 008 - FIXED-LENGTH DATA ELEMENTS--GENERAL INFORMATION | |
| fixed length control field | 260416b |||||||| |||| 00| 0 eng d |
| 020 ## - INTERNATIONAL STANDARD BOOK NUMBER | |
| ISBN | 9789811676239 |
| 100 ## - MAIN ENTRY--AUTHOR | |
| Author | SENCAR HUSREV TAHA |
| 245 ## - TITLE STATEMENT | |
| Title | Multimedia Forensics |
| 260 ## - PUBLICATION, DISTRIBUTION, ETC. (IMPRINT) | |
| Place of publication | Cham |
| Name of publisher | SPRINGER |
| Date of publication | 2022 |
| 300 ## - COLLATION | |
| Pagination | XII,490p. |
| 650 ## - TRACINGS | |
| Main Subject | Digital forensics |
| Subdivision (1st) | Cryptography |
| Subdivision (2nd) | Computer Security |
| 700 ## - ADDITIONAL AUTHOR | |
| Additional Author | Luisa Verdoliva, and Nasir Memon. |
| 942 ## - ADDED ENTRY ELEMENTS (KOHA) | |
| Item type | Books |
| 050 ## - LIBRARY OF CONGRESS CALL NUMBER | |
| Classification number | QA76.9.A25 |
| Item number | .M85 |
| Source of classification or shelving scheme | Not for loan | Permanent location | Current location | Date acquired | Accession No. | Full call number | Barcode. | Copy number | Koha item type |
|---|---|---|---|---|---|---|---|---|---|
| Library of Congress Classification | Samuel Ogbemudia Main Library, University of Abuja | Samuel Ogbemudia Main Library, University of Abuja | 04/16/2026 | 2025/69198-9 | QA76.9.M85 | 2026-0138 | 2 | Books |